00875 2200229 4500001002100000005001500021035002000036007000300056008004100059020001800100082000800118084001400126100003200140245013600172250002100308260004800329300004300377500005200420650002600472700004100498520010600539INLIS00000000000022020230308114057 a0010-0323000010ta230308 g 0 ind  a979-9226-06-6 a031 a031 KRA e0 aKramer, Ann (editor senior)1 aEnsiklopedi Populer Anak Jilid 6 :bSum-Zam /ceditor senior, Ann Kramer ; editor ahli edisi Indonesia, Prof. Dr. Conny R. Semiawan aCetakan II, 2000 aJakarta :bPT Ichtiar Baru Van Hoeve,c1998 a120 hlm :bilustrasi berwarna ;c28 cm aJudul asli : Children's Ilustrated Encyclopedia 4aEnsiklopedi dan Kamus0 aConny R. Semiawan (editor Indonesia) aEnsiklopedi Populer Anak adalah Jendela dunia anak untuk melihat, belajar dam meraih ilmu pengetahuan